Гостиничный бизнес. Особенности бухгалтерского учета и налогообложения

Bibliografiske detaljer
Hovedforfatter: Куркина К. А. Кира Александровна
Summary:Исключено из фонда НТБ ТПУ
Sprog:russisk
Udgivet: Москва, Вершина, 2006
Format: MixedMaterials Bog
KOHA link:https://koha.lib.tpu.ru/cgi-bin/koha/opac-detail.pl?biblionumber=123865

MARC

LEADER 00000nam0a2200000 4500
001 123865
005 20231031130648.0
010 |a 5962600533 
021 |a RU  |b 05-66259  |9 05-3262 
035 |a (RuTPU)RU\TPU\book\134055 
090 |a 123865 
100 |a 20071024d2006 km y0rusy5002 ca 
101 0 |a rus 
102 |a RU 
105 |a y z 000zy 
200 1 |a Гостиничный бизнес. Особенности бухгалтерского учета и налогообложения  |f К. А. Куркина 
210 |a Москва  |c Вершина  |d 2006 
215 |a 239 с. 
333 |a Исключено из фонда НТБ ТПУ 
675 |a 657.22  |v 3  |z rus 
686 |a У9(2)43  |v LBC/SL-A  |2 rubbk 
700 1 |a Куркина  |b К. А.  |g Кира Александровна  |4 070 
801 0 |a RU  |b RKP  |c 20051114  |g PSBO 
801 1 |a RU  |b 63413507  |c 20071024  |g PSBO 
801 2 |a RU  |b 63413507  |c 20220331  |g PSBO 
942 |c BK